[Event "GER-chT U16"]
[Site "Lingen"]
[Date "2013.12.27"]
[Round "2.4"]
[White "Dittrich, Tom"]
[Black "Haase, Kai"]
[Result "1/2-1/2"]
[WhiteElo "1574"]
[BlackElo "1570"]
[PlyCount "96"]
[EventDate "2013.12.27"]
[EventType "team-swiss"]
[EventRounds "7"]
[EventCountry "GER"]
[SourceTitle "EXT 2015"]
[Source "ChessBase"]
[SourceDate "2014.11.20"]
[SourceVersion "1"]
[SourceVersionDate "2014.11.20"]
[SourceQuality "1"]
[WhiteTeam "Stadtilm Blau Weiss"]
[BlackTeam "Guetersloh"]
[WhiteTeamCountry "GER"]
[BlackTeamCountry "GER"]

1. e4 e5 2. Nf3 Nc6 3. Bc4 Be7 4. d3 Nf6 5. c3 0-0 6. Bb3 d6 7. Nbd2 Bg4 8. Nf1 d5 9. Qe2 Qd7 10. Ng3 Rad8 11. h3 dxe4 12. dxe4 Be6 13. Bc2 h6 14. Nh4 Rfe8 15. Nhf5 Bf8 16. 0-0 Ne7 17. Qf3 Qc6 18. Nxh6+ gxh6 19. Qxf6 Bc4 20. Qxc6 Nxc6 21. Re1 Kh7 22. Nf5 Ne7 23. Nxe7 Bxe7 24. Be3 a6 25. a3 Rg8 26. Rad1 Bd6 27. Rd2 Be6 28. Kh1 Rg7 29. Bc5 Rdg8 30. Bxd6 cxd6 31. Rg1 Bxh3 32. g3 Rd8 33. Bd1 Bg4 34. Kg2 f6 35. Bxg4 Rxg4 36. f3 Rg7 37. Kf2 b6 38. Rgd1 Rgd7 39. Ke3 Kg6 40. f4 Kf7 41. Rd5 Ke6 42. f5+ Ke7 43. Rh1 Rh8 44. g4 Rdd8 45. Kf3 Rdg8 46. Rhd1 Rd8 47. Rh1 Rdg8 48. Rhd1 Rd8 1/2-1/2

[Event "GER-chT U14"]
[Site "Magdeburg"]
[Date "2012.12.28"]
[Round "4.4"]
[White "Haase, Kai"]
[Black "Schuler, Max"]
[Result "0-1"]
[WhiteElo "1402"]
[BlackElo "1529"]
[PlyCount "140"]
[EventDate "2012.12.27"]
[EventType "team-swiss"]
[EventRounds "7"]
[EventCountry "GER"]
[SourceTitle "EXT 2014"]
[Source "ChessBase"]
[SourceDate "2013.11.20"]
[SourceVersion "1"]
[SourceVersionDate "2013.11.20"]
[SourceQuality "1"]
[WhiteTeam "Guetersloh"]
[BlackTeam "Dresden Gruen Weiss"]
[WhiteTeamCountry "GER"]
[BlackTeamCountry "GER"]

1. e4 c5 2. Nf3 e6 3. d4 cxd4 4. Nxd4 a6 5. Nc3 Qc7 6. Bd3 Nf6 7. Qe2 d6 8. 0-0 b5 9. Re1 Nbd7 10. Bd2 Bb7 11. Rad1 Be7 12. Nf3 0-0 13. e5 Bxf3 14. Qxf3 Nxe5 15. Qe2 Nxd3 16. Qxd3 Rac8 17. a3 d5 18. Rc1 Bd6 19. h3 Bf4 20. Bxf4 Qxf4 21. Ne2 Qc4 22. Qxc4 Rxc4 23. b3 Rc7 24. Nd4 Rfc8 25. a4 bxa4 26. bxa4 Rc4 27. Nf3 Rxa4 28. Ra1 Rxa1 29. Rxa1 Rxc2 30. Rxa6 g6 31. Ra8+ Kg7 32. Ra7 Ne4 33. Ne5 Rxf2 34. g4 Rf4 35. h4 h5 36. g5 Rf5 37. Nd3 Nd6 38. Rd7 Nc4 39. Kg2 Ne3+ 40. Kg3 Ng4 41. Ne1 Ne5 42. Ra7 Rf1 43. Ng2 Rf3+ 44. Kh2 Ng4+ 45. Kg1 Ne3 46. Ra3 Rf1+ 47. Kh2 Nxg2 48. Kxg2 Rf5 49. Rd3 f6 50. gxf6+ Kxf6 51. Ra3 Rf4 52. Kg3 Rg4+ 53. Kh3 Kf5 54. Ra6 d4 55. Rd6 e5 56. Rd5 Ke4 57. Ra5 d3 58. Ra4+ Ke3 59. Rxg4 hxg4+ 60. Kxg4 d2 61. Kg5 d1Q 62. Kxg6 Qd8 63. h5 Qh8 64. Kg5 Kf3 65. Kg6 e4 66. Kg5 e3 67. Kg6 e2 68. Kg5 e1R 69. Kh4 Rg1 70. Kh3 Qxh5# 0-1